[Event "22nd Trieste Masters Open 2020"]
[Site "Trieste"]
[Date "2020.09.05"]
[Round "9.1"]
[White "Lagarde, Maxime"]
[Black "Maerevoet, Sim"]
[Result "1-0"]
[WhiteElo "2657"]
[BlackElo "2379"]
[Annotator "TA"]
[PlyCount "65"]
[EventDate "2020.08.31"]
[EventType "swiss"]
[EventCountry "ITA"]
[SourceTitle "playchess.com"]
[Source "ChessBase"]
[SourceQuality "1"]

{[%evp 10,65,34,35,35,28,35,30,21,12,23,39,30,30,18,5,66,68,72,85,83,85,77,79,68,53,93,64,142,141,132,142,128,120,167,170,264,261,257,250,343,341,341,341,338,337,329,329,317,308,696,696,29950,697,5281,2302,5181,2329]} 1. e4 c5 2. Nf3 d6 3. d4 cxd4 4. Qxd4 a6 5. c4 Nc6 6. Qe3 Nf6 {B53: Sicilian: 2...d6: Lines with Qxd4.} 7. h3 g6 8. Be2 Bg7 {White has an edge.} 9. O-O O-O 10. Nc3 Nd7 11. Rd1 Nc5 12. Rb1 f5 (12... a5 $11) 13. b4 $14 Nxe4 14. Nxe4 fxe4 15. Ng5 $1 e5 16. Qxe4 Nd4 17. Bd3 {And now Qd5+ would win.} Qe7 {[#] White now steadily converts the win.} 18. Be3 $146 ({Predecessor:} 18. c5 dxc5 19. bxc5 Qxc5 20. Qh4 h6 {½-½ (20) Perunovic,M (2434)-Popovic,D (2558) Vrnjacka Banja 2013}) 18... Nf5 (18... Bf6 $14 19. Qd5+ Kg7) 19. Qd5+ $1 $16 Kh8 20. Bxf5 $1 Bxf5 21. Rbc1 Bh6 {[#]} 22. h4 $1 Rf6 (22... Bxg5 $142 23. Bxg5 Qg7 24. Qxd6 h6) 23. c5 $18 {[%cal Rc5d6]} Rd8 24. c6 Bc8 {intending ...bxc6.} 25. c7 Rd7 26. Ne4 Bxe3 27. Nxf6 {[%csl Gf6][%cal Rd5g8]} ({Weaker is} 27. fxe3 Rf8 $16) 27... Bxf2+ 28. Kxf2 {[%csl Gf6][%cal Rd5g8]} Qxf6+ {[#]} 29. Kg1 $1 Qxh4 $2 (29... Kg7 30. h5 Qf4) 30. Qe6 {Qe8+ is the strong threat.} Qg5 31. Rc3 (31. Qe8+ $142 Kg7 32. Rc3 (32. Qxc8 Qe3+ 33. Kh2 Qh6+ 34. Kg3 Qf4+ {[%mdl 64] Double Attack} 35. Kh3 Qh6+ 36. Kg4 Qf4+ {[%mdl 64] Double Attack} 37. Kh3 Qh6+ 38. Kg3 Qf4+ {[%mdl 64] Double Attack} 39. Kh3 $11) (32. Re1 Qf4 $16) 32... a5 33. Qxc8 Qf5 34. Rf3 Qf7 35. Rxf7+ Rxf7 36. Qxb7) 31... Kg7 32. Qe8 Qg4 33. Rf3 {Accuracy: White = 88%, Black = 37%.} 1-0

[Event "22nd Trieste Masters Open 2020"]
[Site "Trieste"]
[Date "2020.09.05"]
[Round "9.2"]
[White "Debevec, Blaz"]
[Black "Moroni, Luca Jr"]
[Result "0-1"]
[WhiteElo "2188"]
[BlackElo "2530"]
[Annotator "TA"]
[PlyCount "68"]
[EventDate "2020.08.31"]
[EventType "swiss"]
[EventCountry "ITA"]
[SourceTitle "playchess.com"]
[Source "ChessBase"]
[SourceQuality "1"]

{[%evp 9,68,10,24,0,-2,-9,3,-16,-5,-4,14,11,11,13,18,10,8,13,21,19,16,19,19,0,0,0,2,2,7,-22,-3,-1,-10,-93,-35,-40,-66,-68,-96,-79,-79,-191,-212,-213,-224,-223,-214,-223,-214,-221,-217,-202,-209,-198,-170,-223,-197,-275,-275,-427,-406]} 1. d4 d5 2. Nf3 e6 3. g3 b5 4. Bg2 Nf6 5. O-O Nbd7 6. c3 {A46: 1 d4 Nf6 2 Nf3 e6: Torre, London and Colle Systems.} Bb7 7. a4 b4 8. cxb4 {The position is equal.} Bxb4 9. Bd2 c5 10. Bxb4 cxb4 {[#]} 11. a5 $146 ({Predecessor:} 11. Qd3 O-O 12. Nbd2 a5 13. Rfc1 Ba6 14. Qe3 Rc8 15. Nb3 Qb6 16. Nc5 Qa7 17. Rc2 {½-½ (39) Myakonikikh,D (2321)-Chamaev,A (2126) ICCF email 2011}) 11... Ba6 12. Nbd2 O-O 13. Re1 Rb8 14. Qb3 Qc7 15. Rec1 Qb7 16. Bf1 Rfc8 17. Qa4 Ne4 18. Nxe4 dxe4 19. Ne5 Nxe5 20. dxe5 {[#]} e3 $1 $36 {[%mdl 2560] Black has some pressure.} 21. f4 {[#]} (21. Qd1 $11) (21. fxe3 Rxc1) 21... Qe4 ({Black should try} 21... g5 $1 $17 {[%mdl 512] aiming for ...Qe4.} 22. Bg2 (22. fxg5 Qe4 $17) 22... Qb5 23. Qxb5 Rxc1+ 24. Rxc1 Rxb5) 22. Bg2 $15 Qd4 23. Rxc8+ $1 ({But not} 23. Rc2 $2 Rxc2 24. Qxc2 b3 $19) 23... Rxc8 24. Rd1 Qc5 25. Qd7 (25. Bf3 $17 {might work better.}) 25... Bxe2 $19 26. Qd8+ {[#]} Qf8 $1 27. Qxf8+ Kxf8 {[%mdl 4096] Endgame KRB-KRB} 28. Re1 Rc2 29. b3 Ke7 30. Bf1 Bxf1 31. Kxf1 Rc3 32. Ke2 Rxb3 33. Rc1 {[#]} (33. Rd1 $142) 33... Rc3 $1 {[%cal Rc3c1]} 34. Rb1 (34. Rd1 {is a better defense.}) 34... b3 {Accuracy: White = 68%, Black = 95%.} 0-1

[Event "22nd Trieste Masters Open 2020"]
[Site "Trieste"]
[Date "2020.09.05"]
[Round "9.3"]
[White "Unuk, Laura"]
[Black "Brunello, Sabino"]
[Result "0-1"]
[WhiteElo "2315"]
[BlackElo "2532"]
[Annotator "TA"]
[PlyCount "104"]
[EventDate "2020.08.31"]
[EventType "swiss"]
[EventCountry "ITA"]
[SourceTitle "playchess.com"]
[Source "ChessBase"]
[SourceQuality "1"]

{[%evp 11,104,34,28,2,18,17,29,17,56,40,54,0,0,0,0,-18,-24,-60,-52,-35,-33,-43,-69,-77,-33,-65,-7,-109,-29,-20,-14,-63,-62,-62,-42,-62,-47,-111,-20,-76,-29,-23,-29,-29,-34,-31,-21,-35,-25,-54,-62,-213,-197,-192,-100,-335,0,0,0,0,0,0,0,0,0,0,0,-300,-295,-293,-291,-272,-262,-311,-294,-387,-375,-367,-347,-547,-518,-632,-621,-600,-562,-667,-591,-29963,-29960,-29987,-29988,-29988,-29989,-29997,-29998]} 1. d4 d5 2. c4 c6 3. Nf3 Nf6 4. e3 Bf5 5. Nc3 e6 6. Nh4 Bg6 {6...Be4 is the fancy move. Played by Maxime Vachier Lagrave in August 2020.} 7. Be2 {D12: Slav Defence: 3 Nf3 Nf6 4 e3 Bf5.} Nbd7 8. O-O Bd6 9. g3 {White has an edge.} (9. Nxg6 {keeps more tension.} hxg6 10. h3 dxc4 11. Bxc4 O-O 12. a4) 9... Ne4 10. cxd5 exd5 11. Nxg6 (11. Nxe4 $14 Bxe4 12. f3) 11... hxg6 $11 12. Nxe4 dxe4 {[#]} 13. d5 $146 {aiming for dxc6.} ({Predecessor:} 13. Bd2 Nf6 14. f4 Qd7 {½-½ (14) Wichert,G (2279)-Hoexter,H (2226) ICCF email 2017}) 13... c5 $1 14. Qa4 f5 15. b4 cxb4 16. Bb2 Kf7 17. Rfc1 g5 18. a3 $1 g4 (18... Nc5 $15 19. Qxb4 Qe7) 19. Bf1 (19. axb4 $11 Qe7 20. Qb5) 19... Nb6 (19... bxa3 $17 20. Bxa3 Ne5) 20. Qb3 Qg5 21. axb4 Qh5 $1 {[%csl Gh8][%cal Rh5h2]} 22. Bg2 Qxh2+ 23. Kf1 Kg6 24. Qc3 {[#]} ({Better is} 24. Bd4 $15) 24... Rhg8 (24... Qh6 $1 $17) 25. Qd4 (25. Rxa7 $11 {remains equal.} Rxa7 26. Qd4) 25... Nd7 {Strongly threatening ...Ne5.} 26. Ra6 bxa6 27. Rc6 Nf6 28. Rxd6 Rgf8 29. Rxa6 Rf7 30. Qe5 Qh8 31. Bd4 $2 (31. Bxe4 $15 fxe4 32. Qxe4+ Kh6 33. Kg2 (33. Qxg4 Kh7 $17)) 31... Qc8 $19 32. Rc6 Qd7 (32... Qe8 $19 {White must now prevent ...Qxe5.} 33. Re6 Qb5+ 34. Kg1 Rh8) 33. Re6 $2 (33. Kg1 $17) 33... Rd8 $2 (33... Qc7 $19 {Hoping for ...Qc1+.} 34. Qxc7 Rxc7) 34. Bxe4 $1 $11 fxe4 35. Qxe4+ Kh6 36. Qh1+ Kg6 37. Qe4+ $1 Kh6 38. Qh1+ Kg5 (38... Kg6 $5 39. Qe4+ $8 $11) 39. Bxf6+ $2 {[%mdl 8192]} (39. f4+ $11 {and White is okay.} gxf3 40. Qh4+ Kg6 41. Qe4+ {[%mdl 64] Double Attack} Kh6 42. Qh4+ {[%mdl 64] Double Attack} Kg6 43. Qe4+ {[%mdl 64] Double Attack} Kh6 44. Qh4+ {[%mdl 64] Double Attack} Kg6) 39... gxf6 $19 ({Not} 39... Rxf6 $2 40. Re5+ Rf5 41. Qh4+ Kg6 42. Qxg4+ Kf6 43. Re6+ Kf7 44. Qxf5+ $18) 40. Qh4+ Kg6 {Threatens to win with ...Qb5+.} 41. Qxg4+ Kh7 42. Qf5+ Kg8 43. e4 Qb5+ 44. Kg2 {[#]} Rdf8 $1 45. g4 (45. Rd6 $142 Qxb4 46. e5) 45... Qxb4 46. g5 fxg5 47. Rg6+ Rg7 48. Qe6+ Rff7 49. d6 Qd4 {Black mates.} ({Weaker is} 49... Rxg6 50. Qxg6+ Kf8 51. Qh6+ Kg8 52. Qg6+ Kf8 53. Qh6+ Kg8 54. Qg6+ $11) 50. Qe8+ {[#]} Kh7 $1 51. Rxg7+ Kxg7 52. e5 Rxf2+ {Accuracy: White = 48%, Black = 71%.} 0-1

[Event "22nd Trieste Masters Open 2020"]
[Site "Trieste"]
[Date "2020.09.05"]
[Round "9.4"]
[White "Korneev, Oleg"]
[Black "Gilevych, Artem"]
[Result "1-0"]
[WhiteElo "2517"]
[BlackElo "2419"]
[Annotator "TA"]
[PlyCount "95"]
[EventDate "2020.08.31"]
[EventType "swiss"]
[EventCountry "ITA"]
[SourceTitle "playchess.com"]
[Source "ChessBase"]
[SourceQuality "1"]

{[%evp 14,95,32,38,53,20,47,52,54,46,47,18,34,25,39,40,44,30,37,31,48,42,47,47,56,50,64,58,70,42,41,2,2,0,0,0,11,0,41,10,86,0,0,0,0,0,0,0,0,0,0,0,0,0,14,16,15,27,190,206,325,325,325,319,421,385,424,438,438,430,463,435,1051,1041,1022,1039,1033,1035,1007,987,5473,2441,2913,3039]} 1. e4 e6 2. d4 d5 3. Nd2 Nc6 4. Ngf3 Nf6 5. e5 Nd7 6. Nb3 a5 7. a4 b6 8. c3 Be7 {C04: French Tarrasch: 3...Nc6.} 9. Bf4 Ba6 10. Bxa6 Rxa6 {White is slightly better.} 11. O-O {[#]} Ra8 $146 ({Predecessor:} 11... O-O 12. Re1 Ncb8 13. Nc1 c5 14. Re3 Nc6 15. Ne2 Qb8 16. h4 b5 17. axb5 Qxb5 {1-0 (32) Alonso Moyano,J (2372)-Ferreira,H (2151) Badalona 2008}) 12. Nc1 {[%cal Bb3c1,Bc1e2,Be2f4][%mdl 32]} Na7 13. Nd2 c5 14. Qg4 Kf8 15. Nf3 Nc6 16. Ne2 h6 17. Be3 g6 18. h4 h5 19. Qg3 Kg7 20. Rad1 c4 21. Nf4 Rb8 22. Nh3 b5 23. axb5 Rxb5 24. Bc1 Nf8 25. Qf4 Nh7 26. Rde1 Qd7 (26... a4 $11) 27. Kh1 (27. g4 $16) 27... Bd8 $11 28. Qd2 Ne7 29. Nf4 Nf5 30. g3 $36 {[%mdl 2048] White is more active.} Be7 31. Rg1 Kf8 32. Nh3 Qb7 33. Nh2 Ke8 34. Nf1 Kd7 35. Ne3 Rb8 $2 {A mistake that costs the game.} (35... Ng7 $11 {and Black stays safe.}) 36. Nxf5 $18 exf5 {[#]} (36... gxf5 {might work better.} 37. Qh6 Nf8 38. Qxh5 Ng6) 37. Qh6 $1 {[%cal Rh6h7]} Nf8 38. Qg7 Ne6 39. Qxf7 Rb6 40. Kh2 {White is clearly winning.} Rf8 41. Qxg6 Nxd4 42. Qxh5 Rh8 (42... Ne6 $142 43. Rd1 Kc8) 43. Qxh8 Nf3+ 44. Kg2 d4 {[#]} 45. e6+ $1 Rxe6 46. Rxe6 Nd2+ 47. f3 {Rxe7+! would kill now.} Qxf3+ 48. Kh2 {Accuracy: White = 82%, Black = 63%.} 1-0

[Event "22nd Trieste Masters Open 2020"]
[Site "Trieste"]
[Date "2020.09.05"]
[Round "9.5"]
[White "Bosiocic, Marin"]
[Black "Tratar, Marko"]
[Result "1-0"]
[WhiteElo "2606"]
[BlackElo "2441"]
[Annotator "TA"]
[PlyCount "41"]
[EventDate "2020.08.31"]
[EventType "swiss"]
[EventCountry "ITA"]
[SourceTitle "playchess.com"]
[Source "ChessBase"]
[SourceQuality "1"]

{[%evp 11,41,-9,8,-14,0,0,0,11,29,25,29,26,10,14,57,60,92,111,96,108,101,101,130,126,135,113,138,128,145,141,116,126]} 1. e4 e6 2. d4 d5 3. Nc3 Nf6 4. Bg5 Bb4 5. e5 h6 6. Bc1 Ne4 7. Qg4 {C12: French: Classical System: McCutcheon Variation.} Kf8 {And now ...c5 would win.} ({Reject} 7... Nxc3 $6 8. Qxg7 Kd7 9. Bd2 $16) 8. Nge2 c5 9. a3 $1 {[%cal Ra3b4] The position is equal.} Ba5 {Strongly threatening ...cxd4.} 10. dxc5 Nxc3 11. Nxc3 Bxc3+ 12. bxc3 {[#]} Qa5 $146 ({Predecessor:} 12... Nd7 13. Qd4 Qc7 14. c4 dxc4 15. Bxc4 Nxc5 16. Be3 b6 17. O-O Bb7 18. Rfd1 Rc8 {1-0 (46) Stukopin,A (2565)-Korley,K (2450) Charlotte 2019}) 13. Qb4 Nc6 14. Qxa5 Nxa5 15. Rb1 Bd7 {[#]} 16. c4 $1 {[%mdl 512]} Bc6 (16... Nxc4 17. Rxb7) 17. cxd5 exd5 18. Bd3 Re8 {[#]} 19. f4 $1 f6 20. Bg6 Re7 21. O-O {Black got outplayed after the opening. Accuracy: White = 100%, Black = 65%.} 1-0